Chile en ruta al capitalismo. Cambio, euforia y depresión, 1850-1880

Uloženo v:
Podrobná bibliografie
Hlavní autor: Ortega Martínez, Luis (autor)
Médium: Kniha
Jazyk:španělština
Vydáno: Santiago Dibam 2005
Vydání:1a. ed
Edice:Colección Sociedad y Cultura
Témata:
Tagy: Přidat tag
Žádné tagy, Buďte první, kdo vytvoří štítek k tomuto záznamu!

MARC

LEADER 00000nam a2200000 a 4500
001 UCK8879
003 CL-VaPUC
008 060407e20050000CL |||||||||||||||||spa|d
020 |a 956802607X 
082 0 4 |a 330.122  |b ORT  |2 21 
100 |a Ortega Martínez, Luis  |e autor  |9 575490 
245 1 0 |a Chile en ruta al capitalismo. Cambio, euforia y depresión, 1850-1880 
250 |a 1a. ed 
300 |a 495 p 
942 |c BK 
945 |d 20060407 00:00:00  |a jtorresc 
260 |a Santiago  |b Dibam  |c 2005 
650 0 |a Capitalismo  |9 255255 
650 7 |a SISTEMAS ECONOMICOS  |2 CL-VaPUC  |9 498612 
650 0 |a Desarrollo económico y social   |9 256320 
650 7 |a COMERCIO INTERNACIONAL  |2 CL-VaPUC  |9 498613 
650 0 |a Poder político  |9 255509 
650 0 |a Historia de Chile siglo 20  |9 268145 
651 7 |a CHILE  |2 CL-VaPUC  |9 498614 
583 |a last modification  |c 20160912 05:27:15  |k Rodrigo Vera 
490 0 |a Colección Sociedad y Cultura 
999 |c 316281  |d 316279 
952 |0 0  |1 0  |4 0  |6 330_122000000000000_ORT_2005  |7 0  |8 A  |9 390516  |a BIBHIS  |b BIBHIS  |d 2019-11-22  |i 422051K  |o 330.122 ORT 2005  |p 422051K  |r 2025-01-20  |w 2019-11-22  |y BK  |k HIS 
952 |0 0  |1 0  |4 0  |6 330_122000000000000_ORT_2005  |7 0  |8 A  |9 390517  |a BIBHIS  |b BIBHIS  |d 2019-11-22  |i 4223829  |o 330.122 ORT 2005  |p 4223829  |r 2025-01-20  |w 2019-11-22  |y BK  |k HIS 
952 |0 0  |1 0  |4 0  |6 330_122000000000000_ORT_2005  |7 0  |8 A  |9 390518  |a BIBHIS  |b BIBHIS  |d 2019-11-22  |i 4262646  |l 1  |o 330.122 ORT 2005  |p 4262646  |r 2025-01-20  |s 2023-07-04  |w 2019-11-22  |y BK  |k HIS 
952 |0 0  |1 0  |4 0  |6 330_122000000000000_ORT_2005  |7 0  |8 X  |9 390519  |a FDOBUD  |b FDOBUD  |d 2019-11-22  |i 4566645  |o 330.122 ORT 2005  |p 4566645  |r 2019-11-22  |w 2019-11-22  |y BK_X  |k BUD